Lúštenie klasických šifier pomocou vyhľadávania vzorov a slovníkového útoku
Saved in:
| Main Author: | |
|---|---|
| Other Authors: | |
| Format: | Manuscript Book |
| Language: | Slovak |
| Published: |
Bratislava :
STU v Bratislave FEI,
2022
|
| Subjects: | |
| Online Access: | https://opac.crzp.sk/?fn=detailBiblioFormChildA6TBG&sid=A3900C45A119566172F2FD9915B9&seo=CRZP-detail-kniha |
| Tags: |
No Tags, Be the first to tag this record!
|
MARC
| LEADER | 00000ntm a22000003a 4500 | ||
|---|---|---|---|
| 001 | stuzp87036 | ||
| 003 | SK-STU | ||
| 005 | 20230330094848.3 | ||
| 007 | ta | ||
| 008 | 150427s2015----xo-----f-mn---000-0-slo-d | ||
| 040 | |a STU |b slo | ||
| 041 | 0 | |a slo | |
| 044 | |a xo | ||
| 100 | 1 | |a Mutiš, Jozef |u 035000 |4 aut |U FEI Fakulta elektrotechniky a informatiky |T FEI Ústav informatiky a matematiky |X 92105 |U E050 |Y 816 |7 92105 | |
| 242 | 0 | 1 | |a Solving classical ciphers using pattern search and dictionary attack |y eng |
| 245 | 1 | 0 | |a Lúštenie klasických šifier pomocou vyhľadávania vzorov a slovníkového útoku |
| 260 | |a Bratislava : |b STU v Bratislave FEI, |c 2022 | ||
| 300 | |a 40 s., príl. | ||
| 650 | 4 | |a analýza vzorov |2 slo | |
| 650 | 4 | |a slovník |2 slo | |
| 650 | 4 | |a databáza |2 slo | |
| 650 | 4 | |a substitučné šifry |2 slo | |
| 650 | 4 | |a substitution ciphers |2 eng | |
| 650 | 4 | |a pattern analysis |2 eng | |
| 650 | 4 | |a dictionary |2 eng | |
| 650 | 4 | |a database |2 eng | |
| 700 | 1 | |a Antal, Eugen |u 035000 |k Z1 |4 ths |U FEI Fakulta elektrotechniky a informatiky |T FEI Ústav informatiky a matematiky |X 36087 |U E050 |Y 816 |7 A000036087 | |
| 856 | 4 | |u https://opac.crzp.sk/?fn=detailBiblioFormChildA6TBG&sid=A3900C45A119566172F2FD9915B9&seo=CRZP-detail-kniha | |